Tapping natural laws (Record no. 69476)

MARC details
000 -LEADER
fixed length control field 01229cam a2200253 4500
001 - CONTROL NUMBER
control field ABS65015
008 - FIXED-LENGTH DATA ELEMENTS--GENERAL INFORMATION
fixed length control field 020208n2002 000 0 eng u
035 ## - SYSTEM CONTROL NUMBER
System control number (Sirsi) u116663
100 ## - MAIN ENTRY--PERSONAL NAME
Personal name Everard, M
245 ## - TITLE STATEMENT
Title Tapping natural laws
260 ## - PUBLICATION, DISTRIBUTION, ETC.
Date of publication, distribution, etc. 2002
490 ## - SERIES STATEMENT
Series statement Planning (for the Natural and Built Environment)
Volume/sequential designation (1453) 11 January 2002, 15(1)
520 ## - SUMMARY, ETC.
Summary, etc. Argues that planners could encourage greater respect for the environment by promoting the benefits of sustainable drainage systems (SuDS), especially in the light of recent flooding. SuDS can help control pollution, aid drainage and encourage ecological and amenity benefits. Advocates maintenance of the water cycle as part of the mechanism of life on Earth. Uses The Natural Step (TNS) building projects as an example of the use of SuDS. A book, "Sustainable drainage systems: an evaluation using the TNS framework" is available from TNS, £20; t +44 (0)1242 262744
590 ## - LOCAL NOTE (RLIN)
Local note ABS
650 ## - SUBJECT ADDED ENTRY--TOPICAL TERM
Topical term or geographic name entry element DRAINAGE SYSTEMS
650 ## - SUBJECT ADDED ENTRY--TOPICAL TERM
Topical term or geographic name entry element SUSTAINABLE ENVIRONMENT
650 ## - SUBJECT ADDED ENTRY--TOPICAL TERM
Topical term or geographic name entry element PLANNERS
650 ## - SUBJECT ADDED ENTRY--TOPICAL TERM
Topical term or geographic name entry element PLANNING PRACTICE
650 ## - SUBJECT ADDED ENTRY--TOPICAL TERM
Topical term or geographic name entry element FLOODING
650 ## - SUBJECT ADDED ENTRY--TOPICAL TERM
Topical term or geographic name entry element POLLUTION CONTROL
650 ## - SUBJECT ADDED ENTRY--TOPICAL TERM
Topical term or geographic name entry element WATER MANAGEMENT
690 ## - LOCAL SUBJECT ADDED ENTRY--TOPICAL TERM (OCLC, RLIN)
Topical term or geographic name as entry element DEVELOPMENT-SUSTAINABLE
942 ## - ADDED ENTRY ELEMENTS (KOHA)
Suppress in OPAC 0
Holdings
Withdrawn status Lost status Source of classification or shelving scheme Damaged status Not for loan Home library Current library Shelving location Date acquired Total Checkouts Full call number Barcode Date last seen Copy number Price effective from Koha item type
    Dewey Decimal Classification     London London Journal article 08/02/2002   ABS65015 116663-1001 06/08/2019 1 06/08/2019 Journal article